Quizzes
Events
Quiz Creation
Community
Videos
Private Events
Remove Ads
Sign In
Join for FREE
Feedback
Dark Mode
Quiz Categories
Sports
Geography
Music
Movies
Television
Just For Fun
Miscellaneous
History
Literature
Language
Science
Gaming
Entertainment
Religion
Holiday
For Kids
Quiz Lab
Recent
Popular Today
Quiz Kudos Today
Editor Picks
Curator Picks
Quizzes by...
Day
Popularity
Type
Ratings
Length
Year
Community
Subscriptions
Recent Discussions
Orange Saloon
Badges
Playlists
Quests
Create
Leaderboards
Showdown
Live 5
Trivia Bingo
Activity
Puzzle Library
Sporcle Events
Private Events
Virtual Trivia
Globe League
Become a Host
Pub Owners
SporcleCon
Opinionation
Our Games
Videos
Blog
Mobile Apps
Partnerships
Remove Ads and Go Orange
Feedback
Sports
Athletes
MLB
NBA
NHL
NFL
Soccer
Sports Teams
WWE
NCAA
Football
Premier League
Basketball
Baseball
Hockey
Golf
Tennis
Cricket
Rugby
Auto Racing
Olympics
World Cup
Sports
Athletes
MLB
NBA
NHL
NFL
Soccer
Sports Teams
WWE
NCAA
Football
Premier League
Basketball
Baseball
Hockey
Golf
Tennis
Cricket
Rugby
Auto Racing
Olympics
World Cup
Random Quiz
Search Sporcle
×
Quiz Lab
Quiz Lab
Sports
Football
Type in answers that appear in a list
Type in answers that appear in a list
Classic
Best Score? Go Orange.
2011 New York Mets Stats
Can you name the players who played in a game for the 2011 New York Mets?
By
tk926
8m
46 Questions
344 Plays
344 Plays
344 Plays
Comments
Comments
Give Quiz Kudos
Give Quiz Kudos
-
- Ratings
hide this ad
More Info
Replay
Link that replays current quiz
Next Quiz
Link to next quiz in quiz playlist
You Got
0%
They Got
Avg Score
50%
Avg Friend Score
Upgrade to see
Score Distribution
Jump to the score distribution portion of the page
Score
0/46
Timer
08:00
0
Plays Today
Number
Player
% Correct
5
David Wright
99.1%
7
Jose Reyes
96.5%
28
Daniel Murphy
89.2%
15
Carlos Beltran
87.8%
29
Ike Davis
87.2%
30
Josh Thole
81.4%
21
Lucas Duda
78.2%
16
Angel Pagan
76.7%
75
Francisco Rodriguez
76.7%
34
Mike Pelfrey
75.9%
44
Jason Bay
75.9%
2
Justin Turner
74.7%
43
R.A. Dickey
71.5%
11
Ruben Tejada
70.9%
49
Jonathon Niese
69.8%
35
Dillon Gee
65.7%
39
Bobby Parnell
64%
13
Mike Nickeas
50.6%
36/
38
Chris Capuano
50%
6
Nick Evans
48.3%
55
Chris Young
48.3%
9
Ronny Paulino
47.4%
45
Jason Isringhausen
46.5%
Number
Player
% Correct
12
Scott Hairston
45.3%
22
Willie Harris
44.5%
26
Fernando Martinez
41.9%
4
Brad Emaus
40.1%
77
D.J. Carrasco
39%
46
Manny Acosta
37.8%
40
Tim Byrdak
37.5%
3
Josh Satin
34.9%
23
Mike Baxter
33.4%
20
Jason Pridie
32.3%
47
Miguel Batista
31.4%
27
Pedro Beato
29.9%
18
Ryota Igarashi
27.6%
25
Chin-lung Hu
25.9%
15
Val Pascucci
25%
48
Pat Misch
21.8%
63
Chris Schwinden
21.5%
33
Taylor Buchholz
20.9%
19
Danny Ray Herrera
20.3%
23
Blaine Boyer
19.2%
64
Josh Stinson
18.6%
36/
46
Dale Thayer
14%
50
Mike O'Connor
12.8%
Quiz Playlist
Details
Report
Send in Message
Add To Playlist
More Info:
All teams are being posted -- for other teams, see: http://bestofsporcle.blogspot.com/2011/09/2011-mlb-rosters.html
Classic:
Type in answers that appear in a list
Last Updated: Feb 16, 2017
Quiz Scoreboard
CHALLENGE
Sign Up to Join the Scoreboard
Show All
Scores
Hide
Comments
May contain spoilers
Recently Published
College Basketball Coaching Resumes
by pancakes188
Sports
9m
Billboard Blitz: Fleetwood Mac
by CooCooCachoo
Music
15s
Presidents Visiting Landmarks
by Hejman
History
7m
More to Explore
Quiz From the Vault
Featured Blog Post
Where Did the Easter Bunny Come From?
hide this ad
You Might Also Like...
Tags
Baseball Quiz
Football Quiz
MLB Quiz
2011
met
New York
New York Mets
Player
Today's Top Quizzes in Sports
Browse Sports
hide this ad
Today's Top Quizzes in Football
Browse Football
Top Contributed Quizzes in Sports
1
Les meilleurs buteurs des matchs entre le PSG et l’OM
2
2022 World Cup Stars
3
FIFA Club World Cup Champions
4
Les entraîneurs de l'OM et du PSG au 21e siècle
5
Criteria MLB: Left Handed Sluggers
6
AFC Teams Reveal (Wrong Answers Minefield)
7
5-to-1: UK Sports Teams
8
Name the Premier League winners with different clubs
9
5-to-1: FBS Animal Nicknames
10
Players with Multiple 50 Home Run Seasons
Explore More
Trending Topics
NBA
Disney
Kpop
Harry Potter
Crossword
Marvel
Anime
The Office
NFL
Country
WWE
Soccer
Puzzle
Song
Pokémon
hide this ad
More By:
tk926
Quiz
Plays
Rating
Category
Featured
Created
Artists with 3+ Albums in Rolling Stone's Top 500
189,638
4.33
Music
Nov 19, 2009
Opening Day Lineups: Orioles
88,738
4.35
Sports
Oct 19, 2009
Opening Day Lineups: Rockies
72,971
4.29
Sports
Oct 19, 2009
Same Name Songs and Movies
70,379
3.70
Entertainment
Dec 10, 2009
Opening Day Lineups: Brewers
66,775
4.41
Sports
Oct 15, 2009
Go to Creator's Profile
Score Distribution
Quiz Creator Spotlight
tk926
Follow
Send a Message
Quizzes Created
-
Created Quiz Play Count
-
More By This Creator
Popular Quizzes Today
1
Find the US States - No Outlines Minefield
2
Find the Countries of Europe - No Outlines Minefield
3
The Countries of the World
4
Find the US States
5
Risky Map Clicking: Biggest States A-Z
6
US States
7
Popular People in 1961
8
Movies - When Are They Set?
More Sports Quizzes
Last XI: Bielsa - Leeds United
Curator's Pick
Trending Quizzes
Risky Map Clicking: Least Populous States A-Z
1-10 Letter G Words
1-10 Letter F Words
Risky Map Clicking: Next State Alphabetically
Click the Washington State Counties! (Map)
Recently Updated
Leaping Animals
pecheneg
Reality TV Shows (A-Z)
bhenderson79
Rickey Henderson's Hall of Fame Teammates
pecheneg
Champions League XIs: Arsenal
pecheneg
Quick Pick: Celebrities in WWE's Hall of Fame
aduchscher
A-Z Keypad Blitz II
pecheneg
Multiple Oscar Actors
pecheneg
Mystery Phrase Blitz: Oscar 'Best Actors'
pecheneg
F. Scott Fitzgerald Novels
LTH
Pick 3 Villains
ddd62291
Trending Topics
Marvel
Anime
Harry Potter
Crossword
NBA
Disney
Kpop
Soccer
The Office
WWE
Song
NFL
Puzzle
Pokémon
Country
Your Account Isn't Verified!
In order to create a playlist on Sporcle, you need to verify the email address you used during registration. Go to your
Sporcle Settings
to finish the process.
Report this User
Report this user for behavior that violates our
Community Guidelines
.
Details:
Send Report
Go to the Sporcle.com Mobile Site →
Comments